000 00482nam a2200181Ia 4500
003 OSt
005 20230518153046.0
008 210423s2001 xx 000 0 und d
040 _cAL
041 _aeng
082 _a301
_223
_bBARS
100 _aBAREEA (Jayanti).
_9108771
245 _aSocial mobilisation and modern society.
260 _aNew Delhi
_bMittal Publications
_c2001
365 _b595
_cINR
906 _amobilisation ; modern ; Social ; society
942 _2ddc
_cBK
999 _c172449
_d172449